00462nam a22001577a 4500003000400000005001700004008004100021020001500062040002900077050002400106100001900130245003800149260004300187300001000230650006400240OSt20250728131529.0250728b |||||||| |||| 00| 0 eng d a0912486902 cChuka University Library aS 494.5 .A4033 2002 aFinney Company aOccupational Guidance Agriculture aMinneapolis, USAbFinney Companyc2002 a537P. a1. Agriculture 2. Vocational Guidance 3. Career Development